01173cam a2200337 a 450000100090000000300040000900500170001300800410003001000170007101600180008802000380010602000350014403500240017904000540020304100130025704200080027005000220027808200120030010000200031224501200033225000120045226000730046430000350053750000320057250400510060465000390065565000490069465000430074370000200078670000290080617146075OSt20180116192413.0120202s2012 enka b 001 0 eng  a 20120034567 a0158849112Uk a9781405192538 (pbk. : alk. paper) a1405192534 (pbk. : alk. paper) a(OCoLC)ocn775329524 aDLCbengcDLCdYDXdBDXdYDXCPdEVIEWdUKMGBdDLC1 aenghger apcc00aTH151b.N513 201200a7212231 aNeufert, Ernst.10aArchitects' data /cErnst and Peter Neufert ; updated by Johannes Kister ... [et al.] ; translated by David Sturge. a4th ed. aChichester, West Sussex, UK ;aAmes, Iowa :bWiley-Blackwell,c2012. axiii, 593 p. :bill. ;c30 cm. aTranslated from the German. aIncludes bibliographical references and index. 0aBuildingvHandbooks, manuals, etc. 0aBuildingxPlanningvHandbooks, manuals, etc. 0aArchitecturevHandbooks, manuals, etc.1 aNeufert, Peter.1 aKister, Johannes,d1956-